| 000 | 00593nam a2200193Ia 4500 | ||
|---|---|---|---|
| 003 | GCL | ||
| 008 | 140319s9999 xx 000 0 ara d | ||
| 040 |
_aGCL / _cGCL |
||
| 082 | 0 | 4 |
_a780.92 _bص ق |
| 100 | 1 | _aصلاح الدين البستانى | |
| 245 | 1 | 0 |
_aفاجنر اللجن الثائر / _cصلاح الدين البستانى |
| 260 |
_a[S.N] : _bدار الغرب اللبنانى ، _c1964 |
||
| 300 | _a378 ص | ||
| 490 | _a | ||
| 650 | 0 | 4 | _aالموسيقى |
| 650 | 0 | 4 | _aالموسيقى الغربية |
| 650 | 0 | 4 | _aالموسيقيون - تراجم |
| 942 |
_2ddc _cBK |
||
| 999 |
_c35702 _d35702 |
||